Every Fish Species From 'Animal Crossing: New Horizions' - Statistics

General Stats
  • This quiz has been taken 52 times
  • The average score is 46 of 79
Answer Stats
Picture Answer % Correct
Goldfish
93%
Koi
93%
Carp
88%
Clown Fish
88%
Frog
88%
Catfish
85%
Great White Shark
85%
Snapping Turtle
85%
Hammerhead Shark
83%
Salmon
83%
Puffer Fish
80%
Sea Horse
80%
Tadpole
80%
Tuna
80%
Whale Shark
78%
Squid
75%
Sea Bass
73%
Sturgeon
73%
Crawfish
70%
Piranha
70%
Angelfish
68%
Black Bass
68%
Mahi-Mahi
68%
Red Snapper
68%
Ribbon Eel
68%
Anchovy
63%
Betta
63%
Oarfish
63%
Ray
63%
Butterfly Fish
60%
Crucian Carp
60%
Guppy
60%
Arapaima
58%
Olive Flounder
58%
Pike
58%
Saw Shark
58%
Blue Marlin
55%
Dace
55%
Dorado
55%
Suckerfish
55%
Surgeonfish
55%
Zebra Turkeyfish
55%
Barreleye
53%
Bitterling
53%
Blowfish
53%
Dab
53%
Football Fish
53%
Moray Eel
53%
Napoleonfish
53%
Ocean Sunfish
53%
Arowana
50%
Coelacanth
50%
Gar
50%
King Salmon
50%
Soft-Shelled Turtle
50%
Bluegill
48%
Cherry Salmon
48%
Freshwater Goby
48%
Golden Trout
48%
Mitten Crab
48%
Barred Knifejaw
45%
Giant Trevally
45%
Neon Tetra
45%
Pale Chub
45%
Ranchu Goldfish
45%
Horse Mackerel
43%
Pop-eyed Goldfish
43%
Stringfish
43%
Yellow Perch
43%
Sea Butterfly
40%
Sweetfish
40%
Char
38%
Rainbowfish
38%
Loach
35%
Giant Snakehead
33%
Pond Smelt
28%
Saddled Bichir
28%
Killfish
15%
Nibble Fish
10%
No matching quizzes found
Score Distribution
Percent of People with Each Score
Percentile by Number Answered
Your Score History
You have not taken this quiz